Statistics for European Geography By Letter - G

Click here to take the quiz!

General Stats

  • This quiz has been taken 51,752 times
    (16,666 since last reset)
  • The average score is 13 of 20

Answer Stats

Clue Answer % Correct
Country that has the largest
economy in Europe
Germany
99%
Most populous city in ScotlandGlasgow
94%
Famous for feta, philosophy,
and phalanxes
Greece
92%
Strait between Spain and MoroccoGibraltar
87%
The G in GMTGreenwich
75%
Roman name for FranceGallia
69%
Largest lake in the AlpsLake {Geneva}
69%
Europe's biggest islandGreat Britain
66%
Celtic language groupGaelic
66%
Sweden's second biggest cityGothenburg
65%
One of the Channel IslandsGuernsey
64%
Capital of Liguria in NW Italy -
once a city-state with a naval empire
Genoa
64%
Polish city formerly known as DanzigGdańsk
64%
Basalt columns off the coast of
Northern Ireland
{Giant}'s
Causeway
58%
Town that gives its name to the
UK's largest music festival
Glastonbury
58%
Spanish city once capital of
an Islamic emirate
Granada
55%
Region of northwest Spain with
its own language
Galicia
45%
Nickname for someone
from Newcastle
Geordie
45%
Term for a deep valley, mentioned in
the song "Danny Boy"
Glen
32%
Inlet of the Bosphorus that flows
through Istanbul
{Golden} Horn
24%

Score Distribution

Percentile by Number Answered

Percent of People with Each Score

Your Score History

You have not taken this quiz since the last reset